000 01757nam a2200229Ia 4500
008 260220t2000||||xx |||||||||||||| ||spa||
040 _aPY-SlUNAC
_bspa
_erda
041 _aspa
082 _a025.173 2
_bIt1m
245 0 _aMemoria anual 1999. Medio ambiente
264 _aHernandarias :
_bItaipú Binacional,
_c℗2000.
300 _a1 volumen
520 _aLa "Memoria Anual 1999. Medio Ambiente" de Itaipú Binacional, publicada en el año 2000, presenta un análisis exhaustivo de las iniciativas y acciones emprendidas por la entidad en pro de la sostenibilidad ambiental. El documento detalla los programas de conservación y gestión de recursos naturales implementados en la región, así como los resultados alcanzados en la mitigación de impactos ecológicos derivados de la operación de la represa de Itaipú. Se destacan las colaboraciones con comunidades locales y organizaciones ambientales, enfatizando la importancia de la educación y la sensibilización sobre temas ambientales. Además, se incluye una evaluación de los proyectos de reforestación y la preservación de la biodiversidad, junto con estadísticas que reflejan los avances en la calidad del agua y la rehabilitación de áreas afectadas. A través de este informe, Itaipú Binacional reafirma su compromiso con el desarrollo sostenible y la responsabilidad ambiental, constituyendo un referente en la gestión ambiental en el contexto de grandes proyectos de infraestructura en América del Sur.
653 _aDesarrollo sostenible
653 _aGestión ambiental
653 _aMedio ambiente
942 _b2026/02/17
_cBK
999 _c6692
_d6692